Дело о переводе Калмыцкой школы, за ветхостью здания ее, в Ставочную Киргизскую двухклассную школу

Доступно только в Электронных читальных залах Найти на картеНа карте
RUSMARC
00003743nmc2a22000003x 450
001b9cd309a-fbda-41fb-b7c2-04162b240f48
00520201118121305.0
100##$a20190617l18811881k l0rusy0189 ca
1010#$arus
102##$aRU
2001#$aДело о переводе Калмыцкой школы, за ветхостью здания ее, в Ставочную Киргизскую двухклассную школу
$j9 ноября 1881 г.
251##$cДело
300##$aДело
801#0$aRU
$bРГИА
$c20190617
$gRCR
801#1$aRU
$bГлавНИВЦ
$c20190617
$2rusmarc
801#2$aRU
$bПБ им. Б.Н. Ельцина
$c20201118
$gRCR
$2rusmarc
850##$aРГИА
852##$aРГИА
$eФедеральное казенное учреждение "Российский государственный исторический архив" (РГИА)
$j247
937##$hРГИА
$d12301429
$aASBIBLIO_SCAN
462#0$10018f6fb6a1-a235-48f1-bb06-179a617b56e9
$12001
$aДела разряда учительских семинарий и начальных училищ Департамента народного просвещения за 1881-1890 гг
$1251
$cОпись
$1852
$j171
461#0$1001a74412a3-3cc5-4d21-8f0a-dfe2fbd9e72d
$12001
$aДепартамент народного просвещения Министерства народного просвещения (1803-1917)
$1251
$cФонд
$1852
$j733
215##$a4 л.
$d36,5х26 см
371##$aДокумент не является опубликованным и широко распространяемым
105##$ay###
1220#$ad
035##$ab9cd309a-fbda-41fb-b7c2-04162b240f48
856##$uhttp://readingroom.main.prlib.ru/item.aspx?id_node=n151475360&mode=full
Формат отображения